[Event "12. Lovsprings EMT Basis 1 2001"]
[Site "Ringsted"]
[Date "2001.04.20"]
[Round "6"]
[White "Holst, Peter Stein"]
[Black "Mortensen, Orla Lind"]
[Result "1/2-1/2"]
[WhiteElo "1842"]
[BlackElo "1660"]
[PlyCount "50"]
[EventDate "2001.??.??"]

1. Nc3 Nf6 2. d4 d5 3. Bg5 e6 4. e4 Be7 5. e5 Nfd7 6. Bxe7 Qxe7 7. Qd2 a6 8. f4
c5 9. Nf3 Nc6 10. dxc5 Qxc5 11. O-O-O b5 12. Kb1 b4 13. Ne2 a5 14. Ned4 Rb8 15.
g4 Nxd4 16. Nxd4 a4 17. h4 Rb6 18. Rh3 f6 19. Qe3 fxe5 20. fxe5 O-O 21. Bd3 Ba6
22. Bxa6 Rxa6 23. Qe2 Rb6 24. Rf3 Rxf3 25. Nxf3 Qb5 1/2-1/2

[Event "12. Lovsprings EMT Basis 1 2001"]
[Site "Ringsted"]
[Date "2001.04.20"]
[Round "6"]
[White "Henriksen, Kasper"]
[Black "Holst, John"]
[Result "1-0"]
[WhiteElo "1818"]
[BlackElo "1711"]
[PlyCount "43"]
[EventDate "2001.??.??"]

1. Nf3 e6 2. d4 b6 3. c4 Bb7 4. Nbd2 a5 5. g3 a4 6. Bg2 Bb4 7. O-O Nf6 8. Qc2
O-O 9. e4 d5 10. cxd5 exd5 11. e5 Ne4 12. a3 Ba5 13. Rd1 Nd7 14. Nxe4 dxe4 15.
Ng5 Bd5 16. Bxe4 Bxe4 17. Qxe4 f5 18. Qd5+ Kh8 19. Nf7+ Rxf7 20. Qxf7 Nxe5 21.
Qxf5 Qd5 22. Qxe5 1-0

[Event "12. Lovsprings EMT Basis 1 2001"]
[Site "Ringsted"]
[Date "2001.04.27"]
[Round "7"]
[White "Mortensen, Orla Lind"]
[Black "Rasmussen, Henning"]
[Result "1-0"]
[WhiteElo "1660"]
[BlackElo "1846"]
[PlyCount "53"]
[EventDate "2001.??.??"]

1. e4 e6 2. d4 d5 3. Nc3 Nf6 4. Bg5 Be7 5. e5 Nfd7 6. h4 a6 7. Qg4 f6 8. Be3
Kf7 9. f4 f5 10. Qg3 c5 11. Nf3 cxd4 12. Bxd4 Nc6 13. O-O-O Nxd4 14. Nxd4 Nc5
15. Be2 Bd7 16. h5 b5 17. Bf3 Ne4 18. Nxe4 dxe4 19. Be2 Qc7 20. Qb3 g6 21. g4
Bc5 22. gxf5 Bxd4 23. Rxd4 gxf5 24. h6 Rhd8 25. Bh5+ Kg8 26. Qg3+ Kh8 27. Qg7#
1-0

[Event "12. Lovsprings EMT Basis 1 2001"]
[Site "Ringsted"]
[Date "2001.04.27"]
[Round "7"]
[White "Nielsen, Carl Otto"]
[Black "Holst, John"]
[Result "1-0"]
[WhiteElo "1718"]
[BlackElo "1711"]
[PlyCount "79"]
[EventDate "2001.??.??"]

1. d4 b6 2. e4 Bb7 3. Nc3 e6 4. a3 c5 5. d5 d6 6. Bc4 e5 7. Qd3 Be7 8. Nge2 Nf6
9. O-O a6 10. a4 Nbd7 11. Ng3 h5 12. Nf5 g6 13. Nxe7 Qxe7 14. Bg5 Qf8 15. Bxf6
Nxf6 16. f4 Ng4 17. h3 Qh6 18. hxg4 hxg4 19. Qg3 O-O-O 20. fxe5 dxe5 21. Rad1
Rh7 22. Qxg4+ Kb8 23. Rf3 f5 24. exf5 gxf5 25. Qxf5 Qh2+ 26. Kf2 Rg7 27. Qh3
Qxh3 28. Rxh3 Rdg8 29. g3 Rg4 30. Be2 Rb4 31. b3 Rf8+ 32. Ke3 Rd4 33. Rh4 Rg8
34. g4 Bc8 35. Ne4 Bb7 36. Rxd4 cxd4+ 37. Kd3 Rf8 38. Rh5 Bxd5 39. Rxe5 Bg8 40.
Kxd4 1-0

[Event "12. Lovsprings EMT Basis 1 2001"]
[Site "Ringsted"]
[Date "2001.04.27"]
[Round "7"]
[White "Madsen, Morten"]
[Black "Holst, Peter Stein"]
[Result "0-1"]
[WhiteElo "1868"]
[BlackElo "1842"]
[PlyCount "86"]
[EventDate "2001.??.??"]

1. e4 c5 2. c3 Nf6 3. e5 Nd5 4. Bc4 Qc7 5. Nf3 Nb6 6. Bb3 e6 7. O-O d6 8. d4
Be7 9. a4 Bd7 10. a5 Nc8 11. Bf4 d5 12. Nbd2 a6 13. dxc5 Bxc5 14. Ba4 Bxa4 15.
Rxa4 Nc6 16. Nb3 Be7 17. Qe2 N8a7 18. c4 dxc4 19. Rxc4 Rd8 20. Be3 Qb8 21. Rg4
g6 22. Bb6 Rd5 23. Re1 h5 24. Rc4 Nc8 25. Bc5 Bxc5 26. Rxc5 Rxc5 27. Nxc5 Nxa5
28. Rd1 Qc7 29. Nd7 Nb6 30. Nf6+ Kf8 31. h4 Kg7 32. Qd2 Nc6 33. Qg5 Qe7 34. Rd6
Qc7 35. g4 hxg4 36. Nxg4 Rh5 37. Qf4 Nd5 38. Rxd5 exd5 39. Nf6 Rh8 40. Nxd5 Qd8
41. Nf6 Nxe5 42. Ne8+ Rxe8 43. Nxe5 Qf6 0-1

[Event "12. Lovsprings EMT Basis 1 2001"]
[Site "Ringsted"]
[Date "2001.04.27"]
[Round "7"]
[White "Jensen, Karsten"]
[Black "Olsen, Morten Henrik"]
[Result "1/2-1/2"]
[WhiteElo "1727"]
[BlackElo "1735"]
[PlyCount "203"]
[EventDate "2001.??.??"]

1. e4 e5 2. Bc4 Nf6 3. Nf3 Nc6 4. Ng5 Bc5 5. Bxf7+ Ke7 6. Bd5 d6 7. c3 Rf8 8.
O-O Bg4 9. Qb3 h6 10. d4 Bb6 11. h3 Bd7 12. Bxc6 bxc6 13. Nf3 Nh5 14. Qd1 Qe8
15. Nh4 Nf4 16. Kh2 g5 17. Bxf4 gxh4 18. Bxh6 Rg8 19. f4 exf4 20. Bxf4 Qg6 21.
Qe2 Raf8 22. Kh1 Bxh3 23. gxh3 Rxf4 24. Nd2 Rxf1+ 25. Rxf1 Qg3 26. Qf3 Qxf3+
27. Nxf3 c5 28. Nxh4 cxd4 29. cxd4 c6 30. Nf5+ Ke6 31. h4 Rh8 32. Rg1 d5 33.
Rg6+ Kf7 34. Rxc6 dxe4 35. Nd6+ Ke7 36. Nc8+ Kd7 37. Rxb6 axb6 38. Nxb6+ Kc6
39. Nc4 Rxh4+ 40. Kg2 e3 41. Nxe3 Rxd4 42. Kf3 Rd2 43. Nc4 Rc2 44. b3 Kc5 45.
Ke3 Rxa2 46. Kd3 Kb4 47. Nd2 Rb2 48. Ke3 Kc3 49. Ne4+ Kxb3 50. Kd4 Kb4 51. Kd5
Rb1 52. Kd4 Rd1+ 53. Ke5 Kc4 54. Nd6+ Kd3 55. Kd5 Ra1 56. Nc4 Rc1 57. Ne5+ Kc3
58. Nf3 Rd1+ 59. Ke5 Rd3 60. Ke4 Rd8 61. Ke5 Kd3 62. Ne1+ Kc4 63. Nc2 Re8+ 64.
Kf4 Rf8+ 65. Ke4 Kc3 66. Ne3 Re8+ 67. Kf4 Kd3 68. Nd5 Kd4 69. Nf6 Re1 70. Kf5
Re5+ 71. Kf4 Ra5 72. Ne4 Ra1 73. Ng3 Kd5 74. Ke3 Ke5 75. Ne2 Ra3+ 76. Kd2 Rf3
77. Nc3 Rh3 78. Ne2 Ke4 79. Nc3+ Kd4 80. Ne2+ Kc4 81. Nc1 Rg3 82. Ne2 Rd3+ 83.
Ke1 Re3 84. Kf2 Kd3 85. Nf4+ Ke4 86. Ng2 Ra3 87. Nh4 Rh3 88. Ng2 Rf3+ 89. Ke2
Ra3 90. Kf2 Rb3 91. Nh4 Rb6 92. Ng2 Rf6+ 93. Kg3 Rf8 94. Nh4 Ke3 95. Ng2+ Kd3
96. Nf4+ Ke3 97. Ng2+ Ke4 98. Nh4 Rg8+ 99. Kf2 Kf4 100. Nf3 Rb8 101. Ke2 Rg8
102. Kf2 1/2-1/2